Elvis Presley Suspicious Minds Lyrics - Statistics

General Stats
  • This quiz has been taken 883 times
    869 since last reset
  • The average score is 242 of 304
Answer Stats
Answer % Correct
i
98%
a
97%
to
96%
we
96%
you
96%
can't
95%
love
94%
in
93%
minds
92%
suspicious
92%
go
91%
on
90%
baby
89%
me
89%
much
89%
see
89%
too
89%
your
89%
because
88%
trap
88%
where
88%
caught
87%
what
87%
out
86%
why
86%
doing
85%
together
85%
we're
85%
with
85%
an
82%
walk
81%
you're
81%
say
80%
our
76%
and
75%
don't
75%
when
74%
word
71%
build
70%
know
70%
believe
68%
dreams
68%
eyes
67%
i'm
62%
the
62%
hello
60%
friend
57%
old
56%
tears
56%
by
55%
so
53%
suspicion
53%
oh
49%
still
48%
again
47%
here
47%
i've
47%
let
47%
if
45%
asking
43%
been
43%
crying
43%
survive
42%
good
41%
thing
41%
would
40%
are
38%
die
38%
stops
37%
from
36%
dry
32%
ill
31%
never
31%
real
31%
yeah
29%
yes
29%
honey
26%
let's
23%
lied
23%
well
18%
mmm
8%
No matching quizzes found
Score Distribution
Percent of People with Each Score
Percentile by Number Answered
Your Score History
You have not taken this quiz since the last reset